000 00577nam a2200241Ia 4500
003 OSt
005 20220912152134.0
006 a|||||r|||| 00| 0
007 ta
008 220909b |||||||| |||| 00| 0 eng d
024 _a58831
037 _cTextual
040 _aCSL
_beng
_cCSL
041 _aeng
082 _aBj, 122F6.63
100 _aHlavaty M V
245 0 _aMEmorial; des sciences mathematiques
260 _c1963
300 _ap.
_ccm.
650 _aMathematics
942 _hBj, 122F6.63
_cTEXL
_2CC
999 _c81368
_d81368